000 00521nam a2200193Ia 4500
005 20250326141627.0
008 250326s9999 xx 000 0 und d
037 _aTextbook
040 _aFMSL
_beng
_cFMSL
041 _aeng
_2eng
084 _qFMSL
100 _aPHD
_9735796
245 0 _aControl and state Government incentive for industrial development
_cPHD
250 _a6th
260 _aPHD
_bPHD, Chambers of commerce and Industry
_c1989
300 _a290p
942 _cTB
999 _c1291211
_d1291211